<?xml version="1.0" encoding="UTF-8"?>
<record
    xmlns:xsi="http://www.w3.org/2001/XMLSchema-instance"
    xsi:schemaLocation="http://www.loc.gov/MARC21/slim http://www.loc.gov/standards/marcxml/schema/MARC21slim.xsd"
    xmlns="http://www.loc.gov/MARC21/slim">

  <leader>01504nam a22002417a 4500</leader>
  <datafield tag="999" ind1=" " ind2=" ">
    <subfield code="c">6466</subfield>
    <subfield code="d">6466</subfield>
  </datafield>
  <controlfield tag="003">DO-SdBJH</controlfield>
  <controlfield tag="005">20210824122414.0</controlfield>
  <controlfield tag="008">210824b           ||||| |||| 00| 0 spa d</controlfield>
  <datafield tag="040" ind1=" " ind2=" ">
    <subfield code="a">DO-SdBJH</subfield>
    <subfield code="b">spa</subfield>
    <subfield code="c">DO-SdBJH</subfield>
  </datafield>
  <datafield tag="090" ind1=" " ind2=" ">
    <subfield code="a">TG AMBC</subfield>
    <subfield code="b">01659 2019</subfield>
  </datafield>
  <datafield tag="100" ind1="1" ind2=" ">
    <subfield code="a">D&#xED;az Mej&#xED;a, Jos&#xE9; Antonio </subfield>
    <subfield code="e">sustentante</subfield>
  </datafield>
  <datafield tag="245" ind1="1" ind2="0">
    <subfield code="a">An&#xE1;lisis de los requerimientos de ingreso de los aspirantes a Cadetes del Ej&#xE9;rcito de la Rep&#xFA;blica Dominicana / </subfield>
    <subfield code="c"> Jos&#xE9; Antonio D&#xED;az Mej&#xED;a, Christopher S&#xE1;nchez S&#xE1;nchez, asesores Jos&#xE9; D. Rivera Lahoz, Reynaldo Cruz Camacho</subfield>
  </datafield>
  <datafield tag="260" ind1=" " ind2=" ">
    <subfield code="a">Santo Domingo Este :</subfield>
    <subfield code="b">INSUDE, </subfield>
    <subfield code="c">2019</subfield>
  </datafield>
  <datafield tag="300" ind1=" " ind2=" ">
    <subfield code="a">xvi, 37 p&#xE1;ginas</subfield>
  </datafield>
  <datafield tag="502" ind1=" " ind2=" ">
    <subfield code="a">Trabajo de grado (Licenciado en Ciencias Militares) -- Instituto Superior para la Defensa (INSUDE).   Academia &#x201C;Militar Batalla de las Carreras&#x201D; del Ej&#xE9;rcito de Rep&#xFA;blica Dominicana, 2019</subfield>
  </datafield>
  <datafield tag="504" ind1=" " ind2=" ">
    <subfield code="a">Incluye referencias bibliogr&#xE1;ficas e &#xED;ndices</subfield>
  </datafield>
  <datafield tag="505" ind1=" " ind2=" ">
    <subfield code="a">G&#xE9;nesis y transformaci&#xF3;n de la Academia Militar "Batalla de las Carreras" del ERD. -- Estructura de requerimiento de ingreso para los aspirantes a cadetes del ERD. -- Propuesta de acciones para optimizas de requerimiento de ingreso para aspirantes a cadetes del ERD</subfield>
  </datafield>
  <datafield tag="700" ind1="1" ind2=" ">
    <subfield code="a"> S&#xE1;nchez S&#xE1;nchez, Christopher</subfield>
    <subfield code="e">sustentante</subfield>
  </datafield>
  <datafield tag="700" ind1="1" ind2=" ">
    <subfield code="a">Rivera Lahoz, Jos&#xE9; D. </subfield>
    <subfield code="e">asesor</subfield>
  </datafield>
  <datafield tag="700" ind1="1" ind2=" ">
    <subfield code="a">Cruz Camacho, Reynaldo </subfield>
    <subfield code="e">asesor</subfield>
  </datafield>
  <datafield tag="830" ind1=" " ind2=" ">
    <subfield code="a">INSUDE.  &#x201C;Academia &#x201C;Militar Batalla de las Carreras&#x201D; del Ej&#xE9;rcito de Rep&#xFA;blica Dominicana&#x201D;.  Tesis y disertaciones.</subfield>
  </datafield>
  <datafield tag="942" ind1=" " ind2=" ">
    <subfield code="2">CL</subfield>
    <subfield code="c">T</subfield>
  </datafield>
  <datafield tag="952" ind1=" " ind2=" ">
    <subfield code="0">0</subfield>
    <subfield code="1">0</subfield>
    <subfield code="2">CL</subfield>
    <subfield code="4">0</subfield>
    <subfield code="7">1</subfield>
    <subfield code="8">TG</subfield>
    <subfield code="a">BJHA</subfield>
    <subfield code="b">BJHA</subfield>
    <subfield code="d">2021-08-24</subfield>
    <subfield code="i">01659</subfield>
    <subfield code="l">0</subfield>
    <subfield code="o">TG AMBC 01659 2019</subfield>
    <subfield code="p">01659</subfield>
    <subfield code="r">2021-08-24 00:00:00</subfield>
    <subfield code="t">e.1</subfield>
    <subfield code="w">2021-08-24</subfield>
    <subfield code="y">T</subfield>
  </datafield>
</record>
